[Event "26th Chicago Open"]
[Site "Wheeling, IL"]
[Date "2017.05.27"]
[Round "5.19"]
[White "Santarius, Erik"]
[Black "Song, Michael"]
[Result "1/2-1/2"]
[WhiteElo "2302"]
[BlackElo "2423"]
[PlyCount "120"]
[EventDate "2017.05.??"]
[EventType "swiss"]
[EventRounds "9"]
[EventCountry "USA"]

1. e4 e5 2. Nf3 Nc6 3. Bb5 Nf6 4. d3 Bc5 5. c3 d6 6. O-O O-O 7. h3 Ne7 8. d4
Bb6 9. Re1 Ng6 10. Nbd2 c6 11. Bd3 Re8 12. Bc2 h6 13. Nf1 Qc7 14. Ng3 Be6 15.
Be3 Rad8 16. Qc1 Bc8 17. a4 a5 18. Nf5 Bxf5 19. exf5 e4 20. fxg6 exf3 21. gxf3
d5 22. Qd2 Qd7 23. Kg2 Bc7 24. Bf4 Bxf4 25. Qxf4 Nh5 26. Qh4 Nf6 27. Re3 Kf8
28. Rae1 Ng8 29. Qg4 Qxg4+ 30. fxg4 f6 31. Kg3 Ne7 32. Kf4 Nc8 33. h4 Nd6 34.
Bd3 Rxe3 35. fxe3 Ke7 36. e4 dxe4 37. Bxe4 Kf8 38. Bd3 Re8 39. Rh1 Ke7 40. Rb1
Kd7 41. c4 b6 42. b4 axb4 43. Rxb4 Kc7 44. Rb1 Nb7 45. Rh1 Nd6 46. Rh3 c5 47.
dxc5 bxc5 48. g5 fxg5+ 49. hxg5 hxg5+ 50. Kxg5 Kb6 51. Rh7 Re7 52. Rh8 Re3 53.
Rb8+ Kc7 54. Rb3 Nb7 55. Kf4 Rh3 56. Kg4 Re3 57. Kf4 Rh3 58. Ke5 Re3+ 59. Kf4
Rh3 60. Kg4 Re3 1/2-1/2

[Event "26th Chicago Open"]
[Site "Wheeling, IL"]
[Date "2017.05.27"]
[Round "5.20"]
[White "Shetty, Atulya"]
[Black "Vibbert, Sean"]
[Result "0-1"]
[WhiteElo "2422"]
[BlackElo "2316"]
[PlyCount "110"]
[EventDate "2017.05.??"]
[EventType "swiss"]
[EventRounds "9"]
[EventCountry "USA"]

1. Nf3 Nf6 2. c4 c5 3. g3 g6 4. b3 Bg7 5. Bb2 b6 6. d4 cxd4 7. Bg2 Bb7 8. Qxd4
Nc6 9. Qd2 O-O 10. Nc3 Ne5 11. Qf4 Qb8 12. Nh4 Bxg2 13. Nxg2 Rd8 14. Ne3 Neg4
15. Qf3 Nxe3 16. Qxe3 e6 17. O-O d5 18. cxd5 Nxd5 19. Nxd5 Rxd5 20. Bxg7 Kxg7
21. Rad1 Qd6 22. Rxd5 Qxd5 23. Qc3+ Kg8 24. Rc1 Rd8 25. Qf6 Qd4 26. Qe7 Qd7 27.
Rc7 Qxe7 28. Rxe7 Rd2 29. Rxa7 Rxe2 30. Kg2 Rb2 31. Kf3 Kg7 32. h4 h5 33. Ke3
Kf6 34. Ra6 Kf5 35. f3 b5 36. Ra5 e5 37. Ra7 f6 38. Ra5 Rg2 39. a3 Rxg3 40.
Rxb5 g5 41. Rb4 g4 42. a4 Rxf3+ 43. Ke2 e4 44. a5 g3 45. Ra4 Rxb3 46. a6 Rb2+
47. Kf1 Rb8 48. Kg1 Ra8 49. a7 Kg4 50. Rxe4+ Kh3 51. Ra4 f5 52. Kh1 f4 53. Kg1
f3 54. Kf1 Kh2 55. Ra1 Rxa7 0-1

[Event "26th Chicago Open"]
[Site "Wheeling, IL"]
[Date "2017.05.27"]
[Round "5.24"]
[White "Whaley, Davis"]
[Black "Macieja, Bartlomiej"]
[Result "0-1"]
[WhiteElo "2185"]
[BlackElo "2530"]
[PlyCount "119"]
[EventDate "2017.05.??"]
[EventType "swiss"]
[EventRounds "9"]
[EventCountry "USA"]

1. d4 Nf6 2. c4 e6 3. Nf3 c5 4. Nc3 cxd4 5. Nxd4 a6 6. g3 Qc7 7. Bg5 Qxc4 8.
Rc1 Nc6 9. Ncb5 Qb4+ 10. Bd2 axb5 11. Bxb4 Bxb4+ 12. Rc3 Rxa2 13. Qb1 Ra5 14.
Nb3 Ra4 15. Bg2 Bxc3+ 16. bxc3 Rc4 17. Nd4 Nxd4 18. cxd4 Rxd4 19. Qxb5 O-O 20.
e3 Rd6 21. O-O Ra6 22. Bxb7 Bxb7 23. Qxb7 Raa8 24. Rb1 h5 25. e4 d5 26. exd5
exd5 27. Rb6 Rad8 28. Qc7 Rd7 29. Qf4 d4 30. Rxf6 gxf6 31. Qxf6 Rd5 32. f4 Re8
33. f5 Ree5 34. Qg5+ Kf8 35. Qh6+ Ke8 36. Qc6+ Kd8 37. Qb6+ Kd7 38. Qb7+ Kd6
39. Qb6+ Kd7 40. Qb7+ Kd6 41. Qb6+ Ke7 42. f6+ Kd7 43. Qb7+ Ke6 44. Qe7+ Kf5
45. Qxf7 d3 46. Qxh5+ Kxf6 47. Qh6+ Ke7 48. Qh4+ Ke8 49. Qa4+ Kd8 50. Qa8+ Ke7
51. Qb7+ Kf6 52. Qb6+ Kg7 53. Qa7+ Kg8 54. Qb8+ Kf7 55. Qa7+ Ke6 56. Qb6+ Rd6
57. Qb3+ Red5 58. Qa4 d2 59. Qg4+ Ke7 60. Qh4+ 0-1

[Event "26th Chicago Open"]
[Site "Wheeling, IL"]
[Date "2017.05.27"]
[Round "5.25"]
[White "Li, Ben"]
[Black "Blatny, Pavel"]
[Result "1/2-1/2"]
[WhiteElo "2263"]
[BlackElo "2392"]
[PlyCount "121"]
[EventDate "2017.05.??"]
[EventType "swiss"]
[EventRounds "9"]
[EventCountry "USA"]

1. d4 b6 2. e4 g6 3. Nc3 Bb7 4. Be3 Bg7 5. h4 h6 6. Qd2 e6 7. f3 Ne7 8. Bd3 d6
9. Nge2 Nd7 10. g4 a6 11. f4 b5 12. a4 b4 13. Nd1 c5 14. h5 c4 15. Bxc4 Bxe4
16. Rg1 gxh5 17. Ng3 Bd5 18. Nxh5 Bf6 19. Be2 Bh4+ 20. Bf2 Bxf2+ 21. Nxf2 Rg8
22. g5 hxg5 23. Ng4 Nf5 24. fxg5 Rxg5 25. Ngf6+ Nxf6 26. Rxg5 Kd7 27. Nxf6+
Qxf6 28. Rg4 Ke7 29. O-O-O a5 30. Rf1 Qh6 31. Rgf4 Qg7 32. Bd3 Nh6 33. Qh2 f5
34. Rg1 Qf6 35. Rh4 Nf7 36. Rh7 Rh8 37. Rxh8 Nxh8 38. c4 bxc3 39. bxc3 Nf7 40.
Kc2 e5 41. dxe5 dxe5 42. Qf2 e4 43. Bb5 Qe5 44. Rg8 Nd6 45. Qh4+ Qf6 46. Qh7+
Bf7 47. Ra8 Qg5 48. Ra7+ Kf6 49. Qh8+ Kg6 50. Qh2 Nxb5 51. axb5 f4 52. b6 Qd5
53. Qg1+ Kf5 54. Rxf7+ Qxf7 55. Qc5+ Kg4 56. Qc8+ Kg3 57. b7 Qa2+ 58. Kc1 Qa1+
59. Kc2 Qa2+ 60. Kc1 Qa1+ 61. Kc2 1/2-1/2

[Event "26th Chicago Open"]
[Site "Wheeling, IL"]
[Date "2017.05.27"]
[Round "5.26"]
[White "Kogen, Jonathan"]
[Black "Hong, Andrew"]
[Result "0-1"]
[WhiteElo "2212"]
[BlackElo "2383"]
[PlyCount "94"]
[EventDate "2017.05.??"]
[EventType "swiss"]
[EventRounds "9"]
[EventCountry "USA"]

1. d4 d5 2. c4 e6 3. Nc3 c6 4. e4 dxe4 5. Nxe4 Bb4+ 6. Nc3 c5 7. Be3 Nf6 8. a3
Ba5 9. Rc1 cxd4 10. Qxd4 Qxd4 11. Bxd4 Nc6 12. Bxf6 gxf6 13. Nf3 Bd7 14. g3 f5
15. Bg2 Bd8 16. b4 Bf6 17. O-O O-O 18. Rfd1 Rfd8 19. Nb5 Rab8 20. Nd6 Bb2 21.
Rb1 Bxa3 22. b5 Na5 23. Ne5 Bxd6 24. Rxd6 Be8 25. c5 Rdc8 26. b6 a6 27. Nd3 Bb5
28. Rc1 Rd8 29. Rc3 Rxd6 30. cxd6 Rd8 31. Nc5 Rxd6 32. Bxb7 Nxb7 33. Nxb7 Rxb6
34. Na5 Rd6 35. Rc2 Rd1+ 36. Kg2 Bf1+ 37. Kf3 Rd3+ 38. Kf4 Kg7 39. Nc6 Bg2 40.
Kg5 Bxc6 41. Rxc6 Rd2 42. Rxa6 Rxf2 43. h4 Rf3 44. Kh5 Rxg3 45. Ra5 Rg6 46. Ra7
Rf6 47. Kg5 f4 0-1

[Event "26th Chicago Open"]
[Site "Wheeling, IL"]
[Date "2017.05.27"]
[Round "5.27"]
[White "Furfine, Jacob"]
[Black "Larrua, Fernando"]
[Result "1/2-1/2"]
[WhiteElo "2191"]
[BlackElo "2367"]
[PlyCount "61"]
[EventDate "2017.05.??"]
[EventType "swiss"]
[EventRounds "9"]
[EventCountry "USA"]

1. d4 Nf6 2. Nf3 e6 3. Bf4 b6 4. e3 Bb7 5. Nbd2 Be7 6. h3 c5 7. c3 Nc6 8. Bd3
Rc8 9. O-O O-O 10. Qe2 d5 11. Rad1 Nh5 12. Bh2 c4 13. Bc2 f5 14. Ne5 Nf6 15. f3
Nd7 16. Nxc6 Bxc6 17. e4 f4 18. exd5 exd5 19. Qe6+ Kh8 20. Qg4 Bd6 21. Rde1 Nf6
22. Qh4 Qc7 23. Re6 Rce8 24. Rfe1 Rxe6 25. Rxe6 Re8 26. Rxd6 Qxd6 27. Bxf4 Qf8
28. Be5 Kg8 29. Nf1 h6 30. Bg6 Re6 31. Bf5 1/2-1/2

[Event "26th Chicago Open"]
[Site "Wheeling, IL"]
[Date "2017.05.27"]
[Round "5.27"]
[White "Li, Zhaozhi"]
[Black "Daggupati, Balaji"]
[Result "1/2-1/2"]
[WhiteElo "2364"]
[BlackElo "2188"]
[PlyCount "41"]
[EventDate "2017.05.??"]
[EventType "swiss"]
[EventRounds "9"]
[EventCountry "USA"]

1. d4 d5 2. Bf4 Nf6 3. e3 e6 4. Nf3 Bd6 5. Bg3 c5 6. c3 Nc6 7. Nbd2 Qc7 8. Ne5
Bxe5 9. dxe5 Nd7 10. f4 b6 11. Bb5 Bb7 12. O-O O-O 13. Bd3 f5 14. exf6 Nxf6 15.
e4 c4 16. Bb1 d4 17. Qa4 dxc3 18. bxc3 Ng4 19. Qb4 Na5 20. Nf3 Nf6 21. Bc2
1/2-1/2

[Event "26th Chicago Open"]
[Site "Wheeling, IL"]
[Date "2017.05.27"]
[Round "5.29"]
[White "Kumar, Aravind"]
[Black "Mandizha, Farai"]
[Result "0-1"]
[WhiteElo "2186"]
[BlackElo "2342"]
[PlyCount "111"]
[EventDate "2017.05.??"]
[EventType "swiss"]
[EventRounds "9"]
[EventCountry "USA"]

1. d4 Nf6 2. c4 e6 3. Nc3 Bb4 4. f3 d5 5. a3 Bd6 6. e4 c5 7. cxd5 cxd4 8. Bb5+
Bd7 9. Qxd4 Bxb5 10. Nxb5 Qa5+ 11. Qc3 Qxb5 12. Qc8+ Ke7 13. Qxh8 exd5 14. Ne2
dxe4 15. Nc3 Qd3 16. Nxe4 Nxe4 17. fxe4 Qxe4+ 18. Kd1 Qg4+ 19. Ke1 Qxg2 20. Rf1
Nc6 21. Bg5+ Qxg5 22. Qxa8 Qe5+ 23. Kd1 Qd5+ 24. Kc1 Qc4+ 25. Kd2 Qd4+ 26. Kc2
Qe4+ 27. Kd2 Qg2+ 28. Kd3 Ne5+ 29. Ke3 Qh3+ 30. Kd2 Qxh2+ 31. Kd1 Qxb2 32. Rc1
Qg2 33. Re1 Qd5+ 34. Kc2 Qd3+ 35. Kb2 Qxa3+ 36. Kb1 Qb4+ 37. Ka2 Qa5+ 38. Kb1
Qb5+ 39. Ka2 Qa6+ 40. Kb1 h5 41. Qc8 Qb6+ 42. Ka2 Qa5+ 43. Kb1 Qb4+ 44. Ka2 g6
45. Qh8 Qa4+ 46. Kb1 Qb5+ 47. Ka2 Qa5+ 48. Kb1 Ke6 49. Rcd1 Qb5+ 50. Ka2 Qa4+
51. Kb1 Qb3+ 52. Ka1 Qc3+ 53. Kb1 Qc6 54. Rf1 Be7 55. Rfe1 Bf6 56. Qb8 0-1

[Event "26th Chicago Open"]
[Site "Wheeling, IL"]
[Date "2017.05.27"]
[Round "5.31"]
[White "Feng, Maggie"]
[Black "Lehmann, Spencer"]
[Result "1-0"]
[WhiteElo "2298"]
[BlackElo "2137"]
[PlyCount "65"]
[EventDate "2017.05.??"]
[EventType "swiss"]
[EventRounds "9"]
[EventCountry "USA"]

1. Nf3 d5 2. g3 Nd7 3. d4 Ngf6 4. Bg2 e6 5. O-O c6 6. b3 Bd6 7. c4 O-O 8. Qc2
Qe7 9. Nc3 b6 10. e4 Nxe4 11. Nxe4 dxe4 12. Qxe4 Bb7 13. Re1 Rab8 14. Bb2 Ba3
15. Bc3 Bb4 16. Qc2 Bxc3 17. Qxc3 Rfd8 18. Rad1 Qa3 19. Rd2 Qf8 20. Ne5 Nxe5
21. Rxe5 Rd7 22. c5 Rbd8 23. b4 Qe7 24. Qe3 Rc7 25. f4 Qd7 26. Bh3 bxc5 27.
bxc5 Ba6 28. f5 Bc4 29. fxe6 fxe6 30. d5 Kh8 31. Bxe6 Qe8 32. d6 Qf8 33. Bxc4
1-0

[Event "26th Chicago Open"]
[Site "Wheeling, IL"]
[Date "2017.05.27"]
[Round "5.32"]
[White "Tsay, Vincent"]
[Black "Homa, Seth"]
[Result "0-1"]
[WhiteElo "1980"]
[BlackElo "2285"]
[PlyCount "142"]
[EventDate "2017.05.??"]
[EventType "swiss"]
[EventRounds "9"]
[EventCountry "USA"]

1. d4 Nf6 2. c4 e6 3. Nf3 d5 4. g3 Bb4+ 5. Bd2 Bd6 6. Bg2 c6 7. O-O Nbd7 8. Qc2
Ne4 9. Nc3 f5 10. Nxe4 dxe4 11. Ng5 Nf6 12. f3 h6 13. Nh3 exf3 14. exf3 O-O 15.
Bc3 Bd7 16. f4 b5 17. c5 Bc7 18. b4 Nd5 19. Bd2 Qf6 20. Qd3 Rfd8 21. Kh1 Be8
22. Ng1 Bh5 23. Bf3 Qf7 24. Rfe1 Bxf3+ 25. Nxf3 Nf6 26. Bc3 Qd7 27. a4 Ne4 28.
Kg1 a6 29. Bb2 bxa4 30. Rxa4 a5 31. Nd2 axb4 32. Rxa8 Rxa8 33. Nxe4 fxe4 34.
Qxe4 Ra2 35. Rb1 Kf7 36. Qf3 Bd8 37. Qb3 Qd5 38. Qxb4 Bf6 39. Rd1 Qf3 40. Rd2
h5 41. Rf2 Qe4 42. Rd2 h4 43. Kf2 h3 44. Qc3 Bxd4+ 45. Qxd4 Qxd4+ 46. Rxd4
Rxb2+ 47. Kf3 Rxh2 48. Kg4 Rc2 49. Kxh3 Rxc5 50. g4 Rd5 51. Rc4 c5 52. Kg3 Kf6
53. Kf3 e5 54. fxe5+ Rxe5 55. Kf4 g5+ 56. Kf3 Ke6 57. Rc1 Kd5 58. Rd1+ Kc4 59.
Rc1+ Kd3 60. Rd1+ Kc2 61. Rd7 c4 62. Rf7 c3 63. Rf5 Rxf5+ 64. gxf5 Kd3 65. Kg4
c2 66. Kxg5 c1=Q+ 67. Kg6 Qg1+ 68. Kf7 Ke4 69. f6 Kf5 70. Ke7 Qa7+ 71. Ke8 Ke6
0-1

[Event "26th Chicago Open"]
[Site "Wheeling, IL"]
[Date "2017.05.27"]
[Round "5.35"]
[White "Zhang, Yuanchen"]
[Black "Guddanti, Harshita"]
[Result "1-0"]
[WhiteElo "2585"]
[BlackElo "2007"]
[PlyCount "97"]
[EventDate "2017.05.??"]
[EventType "swiss"]
[EventRounds "9"]
[EventCountry "USA"]

1. d4 Nf6 2. c4 e6 3. Nc3 Bb4 4. e3 O-O 5. Bd3 d5 6. a3 Bxc3+ 7. bxc3 c5 8.
cxd5 exd5 9. Ne2 b6 10. O-O Ba6 11. f3 Re8 12. Ng3 Bxd3 13. Qxd3 Nc6 14. Bb2 c4
15. Qd2 Re6 16. Rae1 Qe8 17. Qf2 h5 18. Re2 g6 19. Rfe1 Qe7 20. Nf1 Na5 21. Qh4
Re8 22. Ng3 Nh7 23. Qxe7 R6xe7 24. h4 Nb3 25. e4 b5 26. Bc1 Nxc1 27. Rxc1 f5
28. e5 Nf8 29. Rb2 Rb7 30. Rcb1 Reb8 31. a4 a6 32. Ne2 Ne6 33. Kf2 Kf7 34. Ke3
Ke7 35. Nf4 Nxf4 36. Kxf4 Kf7 37. Rb4 Rb6 38. Kg5 Kg7 39. axb5 Rxb5 40. Rxb5
Rxb5 41. Rxb5 axb5 42. Kf4 Kf7 43. Ke3 Ke6 44. Kd2 f4 45. Kc2 Kd7 46. Kb2 Kc6
47. Ka3 Kb6 48. Kb4 Kc6 49. Ka5 1-0

[Event "26th Chicago Open"]
[Site "Wheeling, IL"]
[Date "2017.05.27"]
[Round "5.36"]
[White "Kelly, Joey"]
[Black "Kambrath, Yannick"]
[Result "1/2-1/2"]
[WhiteElo "2039"]
[BlackElo "2326"]
[PlyCount "115"]
[EventDate "2017.05.??"]
[EventType "swiss"]
[EventRounds "9"]
[EventCountry "USA"]

1. d4 Nf6 2. c4 e6 3. Nf3 b6 4. a3 Bb7 5. Nc3 Ne4 6. Qc2 f5 7. g3 Be7 8. Bg2
O-O 9. O-O Bf6 10. Rd1 Nxc3 11. Qxc3 d6 12. b4 Qe7 13. Bb2 Nd7 14. Qb3 Kh8 15.
Rac1 g6 16. Ne1 Bxg2 17. Nxg2 g5 18. Qc2 Bg7 19. f4 Bh6 20. Rf1 gxf4 21. Nxf4
Nf6 22. Rcd1 Ng4 23. Rd3 Kg8 24. h3 Bxf4 25. Rxf4 Nh6 26. Re3 Rf6 27. c5 d5 28.
cxb6 cxb6 29. Rc3 Rd8 30. Rff3 Rff8 31. Rc6 Nf7 32. Rfc3 Rd7 33. Rc7 Rfd8 34.
Rxd7 Rxd7 35. Rc8+ Kg7 36. Bc1 Nd6 37. Rc3 Ne4 38. Rf3 Rc7 39. Qb2 Rc4 40. Bf4
Ng5 41. Bxg5 Qxg5 42. Kf2 Qc1 43. Qxc1 Rxc1 44. Ke3 Rd1 45. g4 fxg4 46. hxg4 h6
47. Rg3 Kg6 48. Rf3 Kg7 49. Rg3 a5 50. bxa5 bxa5 51. a4 Kg6 52. Rh3 Rf1 53. Rh5
Ra1 54. Re5 Kf7 55. Rh5 Ra3+ 56. Kf4 Rxa4 57. e3 Ra1 58. Rxh6 1/2-1/2

[Event "26th Chicago Open"]
[Site "Wheeling, IL"]
[Date "2017.05.27"]
[Round "5.37"]
[White "Ishkanov, Tigran"]
[Black "Evans, Cory"]
[Result "1/2-1/2"]
[WhiteElo "2271"]
[BlackElo "2153"]
[PlyCount "36"]
[EventDate "2017.05.??"]
[EventType "swiss"]
[EventRounds "9"]
[EventCountry "USA"]

1. e4 c5 2. Nf3 d6 3. d4 cxd4 4. Qxd4 Nc6 5. Bb5 Bd7 6. Qd3 Nf6 7. c4 g6 8. O-O
Bg7 9. Nc3 O-O 10. h3 a6 11. Bxc6 Bxc6 12. Be3 b5 13. cxb5 Bxb5 14. Nxb5 axb5
15. Nd4 Qd7 16. Nxb5 Nxe4 17. Qxe4 Qxb5 18. Qxe7 Qxb2 1/2-1/2

[Event "26th Chicago Open"]
[Site "Wheeling, IL"]
[Date "2017.05.27"]
[Round "5.38"]
[White "Titus, Andrew"]
[Black "Lederer, Yoav"]
[Result "0-1"]
[WhiteElo "2129"]
[BlackElo "2259"]
[PlyCount "144"]
[EventDate "2017.05.??"]
[EventType "swiss"]
[EventRounds "9"]
[EventCountry "USA"]

1. e4 c6 2. d4 d5 3. Nc3 dxe4 4. Nxe4 Bf5 5. Ng3 Bg6 6. Nh3 Nf6 7. Nf4 e5 8.
dxe5 Qa5+ 9. c3 Qxe5+ 10. Be2 Be7 11. O-O O-O 12. Bf3 Qc7 13. Nxg6 hxg6 14. Re1
Bd6 15. Qd4 Nbd7 16. Bg5 Be5 17. Qa4 Nc5 18. Qc4 Ne6 19. Be3 Rfe8 20. Rad1 Bf4
21. Bxf4 Nxf4 22. Rxe8+ Rxe8 23. Qd4 a5 24. h3 Ne6 25. Qe3 Kf8 26. Ne2 Nd7 27.
Qd2 Ne5 28. Be4 Nc4 29. Qc1 Nc5 30. Bf3 Ne5 31. Qf4 Qe7 32. Rd2 g5 33. Qe3 Nc4
34. Qxe7+ Kxe7 35. Rc2 Nd3 36. b3 Ne1 37. Rc1 Nxf3+ 38. gxf3 Kf6 39. Ng3 Ne5
40. Kg2 Nd3 41. Rd1 Ne1+ 42. Kf1 Nxf3 43. Rd6+ Re6 44. Ne4+ Ke5 45. Rxe6+ fxe6
46. Nc5 b5 47. Kg2 Nd2 48. f3 Kd5 49. Nd7 Nb1 50. c4+ bxc4 51. Nb6+ Kc5 52.
Nxc4 a4 53. Kg3 Nc3 54. Ne3 Nd5 55. Nc2 Nb4 56. Na3 Nxa2 57. bxa4 Kb4 58. Nc2+
Kxa4 59. Nd4 c5 60. Nxe6 c4 61. Nc5+ Kb4 62. Ne4 Nc3 63. Nd6 Ne2+ 64. Kf2 Nf4
65. Ne4 c3 66. Nxc3 Kxc3 67. Kg3 Kd4 68. h4 Ne2+ 69. Kg4 gxh4 70. Kxh4 Ke5 71.
Kg5 Nf4 72. Kg4 Ne6 0-1

[Event "26th Chicago Open"]
[Site "Wheeling, IL"]
[Date "2017.05.27"]
[Round "5.39"]
[White "Yoo, Christopher"]
[Black "Gorti, Akshita"]
[Result "1/2-1/2"]
[WhiteElo "2129"]
[BlackElo "2240"]
[PlyCount "72"]
[EventDate "2017.05.??"]
[EventType "swiss"]
[EventRounds "9"]
[EventCountry "USA"]

1. e4 e6 2. d4 d5 3. Nc3 Bb4 4. e5 c5 5. a3 Bxc3+ 6. bxc3 Qa5 7. Bd2 Qa4 8. Qg4
Kf8 9. Nf3 Ne7 10. Be2 b6 11. Bd1 Nbc6 12. Qf4 h6 13. dxc5 Qxf4 14. Bxf4 bxc5
15. Be3 c4 16. Bc5 Ke8 17. Kd2 Kd7 18. h4 f6 19. Re1 fxe5 20. Bxe7 Kxe7 21.
Nxe5 Nxe5 22. Rxe5 Rf8 23. Ke3 Kd6 24. f4 Rb8 25. g3 Rb2 26. Kd2 Bd7 27. Kc1
Rfb8 28. Bh5 R2b6 29. Kd2 Rb1 30. Rxb1 Rxb1 31. Re1 Rb2 32. Ra1 Ke7 33. Bg6 a5
34. h5 Kd6 35. Ke3 Ba4 36. Kd2 Bd7 1/2-1/2

[Event "26th Chicago Open"]
[Site "Wheeling, IL"]
[Date "2017.05.27"]
[Round "5.40"]
[White "Studen, Damir"]
[Black "Freitag, Todd"]
[Result "1-0"]
[WhiteElo "2212"]
[BlackElo "2100"]
[PlyCount "78"]
[EventDate "2017.05.??"]
[EventType "swiss"]
[EventRounds "9"]
[EventCountry "USA"]

1. d4 Nf6 2. c4 g6 3. Nf3 Bg7 4. g3 c6 5. Bg2 d5 6. O-O O-O 7. cxd5 cxd5 8. Nc3
Ne4 9. Qb3 Nxc3 10. Qxc3 Nc6 11. Ne5 Nxe5 12. dxe5 Be6 13. f4 Rc8 14. Qb4 Rc2
15. Bf3 Qd7 16. Bd2 Bg4 17. Rac1 Rfc8 18. Bc3 Rxc1 19. Rxc1 Bxf3 20. exf3 Bf8
21. Bd2 Rxc1+ 22. Bxc1 e6 23. Qd4 Qb5 24. Be3 b6 25. Qd2 Qc4 26. b3 Qb5 27. g4
Bb4 28. Qd1 Bc3 29. Kf2 Qb4 30. Qd3 d4 31. Bc1 Qa5 32. a4 a6 33. Qc4 b5 34.
Qc8+ Kg7 35. f5 Bd2 36. f6+ Kh6 37. h4 Qb4 38. Qg8 Be3+ 39. Kg2 Qe1 1-0

[Event "26th Chicago Open"]
[Site "Wheeling, IL"]
[Date "2017.05.27"]
[Round "5.41"]
[White "Mills, James"]
[Black "Shen, Yu-Shao"]
[Result "0-1"]
[WhiteElo "2097"]
[BlackElo "2206"]
[PlyCount "54"]
[EventDate "2017.05.??"]
[EventType "swiss"]
[EventRounds "9"]
[EventCountry "USA"]

1. c4 Nf6 2. Nc3 g6 3. e4 d6 4. d4 Bg7 5. f4 O-O 6. Nf3 c5 7. d5 e6 8. dxe6
fxe6 9. Bd3 Nc6 10. O-O Nh5 11. Ng5 Nd4 12. e5 dxe5 13. Nxh7 Rf5 14. Bxf5 exf5
15. Ng5 Nxf4 16. Bxf4 exf4 17. Nh3 f3 18. Qc1 fxg2 19. Kxg2 Bd7 20. Qg5 Bc6+
21. Kf2 Qd6 22. Qg3 Be5 23. Qd3 Bxh2 24. Ne2 Qf6 25. Nxd4 cxd4 26. Ke2 Re8+ 27.
Kd1 Re3 0-1

[Event "26th Chicago Open"]
[Site "Wheeling, IL"]
[Date "2017.05.27"]
[Round "5.42"]
[White "Mathur, Rithwik"]
[Black "Miyasaka, Marcus"]
[Result "1-0"]
[WhiteElo "2073"]
[BlackElo "2197"]
[PlyCount "45"]
[EventDate "2017.05.??"]
[EventType "swiss"]
[EventRounds "9"]
[EventCountry "USA"]

1. d4 Nf6 2. Bf4 c5 3. e3 Qb6 4. Nc3 e6 5. a3 Nc6 6. Nf3 Nh5 7. dxc5 Bxc5 8.
Bg5 h6 9. Bh4 g5 10. Nd2 Nf6 11. Nc4 Qd8 12. Bg3 d5 13. Ne5 O-O 14. h4 d4 15.
Nxc6 bxc6 16. exd4 Bxd4 17. hxg5 hxg5 18. Bd3 e5 19. Qe2 e4 20. Nxe4 Nxe4 21.
Bxe4 Bf5 22. Bxc6 Bg4 23. Be5 1-0

[Event "26th Chicago Open"]
[Site "Wheeling, IL"]
[Date "2017.05.27"]
[Round "5.43"]
[White "Korba, Nicky"]
[Black "Khanna, Ravi"]
[Result "0-1"]
[WhiteElo "2171"]
[BlackElo "2061"]
[PlyCount "102"]
[EventDate "2017.05.??"]
[EventType "swiss"]
[EventRounds "9"]
[EventCountry "USA"]

1. e4 c6 2. d4 d5 3. e5 Bf5 4. h4 Qb6 5. Nc3 h5 6. Be2 g6 7. Nf3 e6 8. O-O Nd7
9. a3 a5 10. Rb1 Nh6 11. Bg5 Bg4 12. Qd2 Nf5 13. Rfd1 c5 14. Na4 Qc7 15. Nxc5
Bxc5 16. dxc5 Nxc5 17. Bb5+ Kf8 18. Re1 Ne4 19. Rxe4 dxe4 20. Bf6 exf3 21. Bxh8
fxg2 22. Bf6 Rc8 23. Bd3 Qc6 24. Qxa5 Qf3 25. Qb4+ Kg8 26. Be4 Qf4 27. Re1 Bh3
28. Rd1 Ng3 29. Bd3 Qf3 30. Qe1 Nf1 31. Be4 Qf4 32. Bxg2 Qh2+ 33. Kxf1 Qxg2+
34. Ke2 Bg4+ 35. Kd2 Qd5+ 36. Kc1 Qxd1+ 37. Qxd1 Bxd1 38. Kxd1 Kf8 39. Kd2 Ke8
40. Kd3 Kd7 41. c4 Kc7 42. Kc3 b5 43. b4 Kb6 44. c5+ Kc6 45. Kb3 Ra8 46. Bg5
Ra7 47. f4 Rd7 48. a4 bxa4+ 49. Kxa4 Ra7+ 50. Kb3 Kb5 51. c6 Rc7 0-1

[Event "26th Chicago Open"]
[Site "Wheeling, IL"]
[Date "2017.05.27"]
[Round "5.44"]
[White "Wang, Xiexin"]
[Black "Huang, Andy"]
[Result "1/2-1/2"]
[WhiteElo "2000"]
[BlackElo "2165"]
[PlyCount "87"]
[EventDate "2017.05.??"]
[EventType "swiss"]
[EventRounds "9"]
[EventCountry "USA"]

1. c4 c6 2. Nc3 d5 3. d4 Nf6 4. cxd5 cxd5 5. Nf3 Nc6 6. Bf4 Bf5 7. Rc1 e6 8. e3
Bd6 9. Ne5 Bxe5 10. dxe5 Nd7 11. Bb5 O-O 12. Bxc6 bxc6 13. O-O Nc5 14. Na4 Nxa4
15. Qxa4 Qb6 16. Qa3 Rfb8 17. b3 Bd3 18. Rfd1 Bb5 19. h4 a5 20. Qe7 a4 21. h5
Qd8 22. Qxd8+ Rxd8 23. h6 f5 24. hxg7 Kxg7 25. Rd4 axb3 26. axb3 Kg6 27. Bg3
Ra2 28. Bh4 Rda8 29. Be7 Rb2 30. b4 Raa2 31. Rf4 h5 32. Bd6 Kf7 33. Bc5 Ke8 34.
Rd1 Be2 35. Rc1 Kd7 36. Kh2 Bd3 37. Kg3 h4+ 38. Kxh4 Rxf2 39. Rxf2 Rxf2 40. Kg3
Ra2 41. Rh1 Be4 42. Rh7+ Kd8 43. Rh8+ Kc7 44. Rh7+ 1/2-1/2

[Event "26th Chicago Open"]
[Site "Wheeling, IL"]
[Date "2017.05.27"]
[Round "5.45"]
[White "Ghatti, Sanjay"]
[Black "Gustafsson, Alexander"]
[Result "1-0"]
[WhiteElo "2235"]
[BlackElo "1974"]
[PlyCount "139"]
[EventDate "2017.05.??"]
[EventType "swiss"]
[EventRounds "9"]
[EventCountry "USA"]

1. e4 c5 2. Nf3 d6 3. d4 Nf6 4. Nc3 cxd4 5. Nxd4 Nc6 6. Be2 e5 7. Nb3 Be7 8.
Bg5 Nxe4 9. Nxe4 Bxg5 10. Nxd6+ Ke7 11. Nxc8+ Rxc8 12. c3 Qxd1+ 13. Rxd1 b6 14.
Bf3 f5 15. O-O e4 16. Be2 Rhd8 17. Bb5 Ne5 18. Nd4 g6 19. Rde1 Kf6 20. a4 Bh6
21. Re2 Bf8 22. f3 exf3 23. Nxf3 Bc5+ 24. Kh1 Ng4 25. g3 a5 26. h3 Ne3 27. Rfe1
Nd5 28. h4 Nc7 29. Ng5 Nxb5 30. axb5 h6 31. Re6+ Kg7 32. Nf3 Rd3 33. Rxg6+ Kh7
34. Rc6 Rg8 35. Rc7+ Kh8 36. Re6 Rxg3 37. Re8+ Rg8 38. Rxg8+ Kxg8 39. Kg2 Re3
40. Rc8+ Kf7 41. Kg3 Re4 42. Rc7+ Kg6 43. Rc6+ Kg7 44. Rc7+ Kf8 45. Rc8+ Ke7
46. Rc7+ Kd8 47. Rc6 Rg4+ 48. Kh2 Be3 49. Re6 Bf4+ 50. Kh1 Kc7 51. Rf6 Rg3 52.
Nd4 Rh3+ 53. Kg2 Rxh4 54. Nxf5 Rh2+ 55. Kf3 Bc1 56. Rc6+ Kb7 57. Nd6+ Kb8 58.
Rxb6+ Kc7 59. Rc6+ Kd7 60. Nc4 Bxb2 61. Ne5+ Ke7 62. Nd3 Ba3 63. b6 Rh5 64. c4
Bd6 65. b7 Rf5+ 66. Ke4 Rf8 67. Rc8 a4 68. c5 Bg3 69. Rxf8 Kxf8 70. Ne5 1-0

[Event "26th Chicago Open"]
[Site "Wheeling, IL"]
[Date "2017.05.27"]
[Round "5.46"]
[White "Zhang, Chao"]
[Black "Saleem, Arshaq"]
[Result "1-0"]
[WhiteElo "2229"]
[BlackElo "2042"]
[PlyCount "115"]
[EventDate "2017.05.??"]
[EventType "swiss"]
[EventRounds "9"]
[EventCountry "USA"]

1. d4 Nf6 2. c4 g6 3. g3 Bg7 4. Bg2 O-O 5. Nc3 d6 6. Nf3 Nc6 7. O-O a6 8. Qd3
e5 9. dxe5 dxe5 10. Qxd8 Rxd8 11. Bg5 Re8 12. Nd2 Nd4 13. e3 Ne6 14. Bxf6 Bxf6
15. Rfd1 Bd8 16. Nb3 Rb8 17. c5 f5 18. c6 b6 19. Nd5 e4 20. Bf1 Kg7 21. Nd4 Ra8
22. Rac1 Ng5 23. Kg2 Nf7 24. b4 Ne5 25. a4 Rb8 26. b5 a5 27. Be2 Kf7 28. h4 h6
29. Bc4 Nxc4 30. Rxc4 Re5 31. Ne2 Be6 32. Rcd4 Ke8 33. Ndf4 Bf7 34. Rd7 g5 35.
hxg5 hxg5 36. Nd5 Bh5 37. Kf1 Rc8 38. Ke1 Bf7 39. Nec3 Be6 40. Rh7 Bg8 41. Rg7
Kf8 42. Rd7 Ke8 43. Ke2 Be6 44. Rh7 Bg8 45. Rg7 Kf8 46. Rd7 Ke8 47. Rh1 Re6 48.
Rh8 Kf8 49. Kd2 Rg6 50. g4 fxg4 51. Nxe4 Re6 52. Kd3 Rg6 53. Kd4 Re6 54. Rdh7
Rg6 55. Ke5 Rg7 56. Ndf6 Rxh7 57. Rxg8+ Kf7 58. Nxg5+ 1-0